000 02103nam a2200457 c 4500
003 BLK
005 20250217110812.0
008 180411b bul|||||r ||||||| ||bul||
010 _aKNG00198680000
020 _a978-954-91843-4-1
_bиздат.: Вакон
040 _aBLK
041 _aBUL
_cBUL
072 7 _2bullib
_aН83
_xЧужда художествена литература Н
080 _aФренска литература
_b821.133.1
_x-94
_z821.133.1-94
080 _aПолитика. Вж и 341 ; 342
_b32
_x(729.1)(092)(0:82-9)
_z32(729.1)(092)(0:82-9)
080 _aФидел Алехандро Кастро Рус. Команданте. Кубински революционер, политик, министър-председател на Куба, председател на Държавния съвет на Куба (президент)
_b929 Кастро, Фидел
_x
_z929 Кастро, Фидел
100 1 _aРафи, Серж
_eпърви автор
_9295489
700 1 _aСтойчева, Гергана Нушева
_eпрев. от фр.
_9369058
139 _aРафи, Серж
_bР 39
245 1 0 _aКастро неверният
_cСерж Рафи; прев. от фр. Гергана Нушева Стойчева.
250 _a3. изд.
257 _aFRA
260 София
_bВакон
_c2016
300 _a488 с.
_c21 см
380 _a3
500 _aОриг. загл. Castro l'infidele / Serge Raffi. - 1. изд. 2007. - Съдържа и за авт.
600 1 4 _aКастро, Фидел
_9372001
650 4 _aКастро, Фидел
_9372001
650 4 _aПолитици, кубински
_9298292
651 4 _aКуба
_9272036
653 _aФидел Кастро
653 _aкубински политици
653 _aбиографии
659 _aН
852 _aЦб 283764
856 4 _qpdf
_u
856 4 _qpdf
_u
942 _cKNG
_n0
_03
944 _aCR
_c20.12.2016
_lГрета Цуфелде
_k30537
944 _aED
_c11.01.2017
_lф /
_kЛюдмила_Стоянова
999 _c189636
_d189636